000 00340nam a22001457a 4500
008 230901b ||||| |||| 00| 0 eng d
020 _a0060647604
041 _aeng
080 _2VOLUME ONE
_a101
082 _a101KOH
100 _a44
101 _aFILOZ
245 _aTHE PHILOSOPHY OF MORAL DEVELOPMENT
_cKOHLBERG .L
942 _2udc
_cBK
999 _c60246
_d60246